Pays d'Europe après la Seconde Guerre mondiale - Statistiques

Statistiques générales
  • Ce quiz a été pris 55 809 fois
  • Le résultat moyen est 30 sur 32
Réponses sur la Carte
Les réponses sont colorées sur une échelle allant du rouge au vert en fonction du pourcentage des utilisateurs qui les ont devinées à leur premier essai. Vous pouvez retrouver ces pourcentages ci-dessous.
 
Statistiques - réponses
Pays % Correct
France
100%
Espagne
99%
Italie
99%
Portugal
99%
Royaume-Uni
99%
Allemagne de l'Ouest
98%
Belgique
98%
Irlande
98%
Suisse
98%
Norvège
97%
Pays-Bas
97%
Suède
97%
Finlande
96%
Grèce
96%
Pologne
96%
Danemark
95%
Islande
95%
Luxembourg
95%
Autriche
94%
Union soviétique
94%
Andorre
91%
Monaco
91%
Roumanie
91%
Vatican
90%
Hongrie
89%
Albanie
85%
Allemagne de l'Est
85%
Bulgarie
83%
Saint-Marin
83%
Liechtenstein
82%
Yougoslavie
78%
Tchécoslovaquie
71%
Aucun quiz correspondant
Distribution des résultats
% des personnes avec chaque résultat
Percentile par nombre de réponses
Votre historique - résultats
Vous n’avez pas pris ce quiz